Zach's lie / (Record no. 5916)

MARC details
000 -LEADER
fixed length control field 01234cam a2200361 a 4500
001 - CONTROL NUMBER
control field 5916
003 - CONTROL NUMBER IDENTIFIER
control field FISKH
005 - DATE AND TIME OF LATEST TRANSACTION
control field 20250207091250.0
008 - FIXED-LENGTH DATA ELEMENTS--GENERAL INFORMATION
fixed length control field 000719s2001 nyu c 000 1 eng
010 ## - LIBRARY OF CONGRESS CONTROL NUMBER
LC control number 00059725
020 ## - INTERNATIONAL STANDARD BOOK NUMBER
International Standard Book Number 0786806176 (trade hc)
020 ## - INTERNATIONAL STANDARD BOOK NUMBER
International Standard Book Number 0786825294 (library)
020 ## - INTERNATIONAL STANDARD BOOK NUMBER
International Standard Book Number 043940147x
040 ## - CATALOGING SOURCE
Original cataloging agency DLC
Transcribing agency DLC
Modifying agency DLC
Language of cataloging eng
050 ## - LIBRARY OF CONGRESS CALL NUMBER
Classification number PZ7.S65766 Z
082 ## - DEWEY DECIMAL CLASSIFICATION NUMBER
Classification number 523
100 1# - MAIN ENTRY--PERSONAL NAME
Personal name Smith, Roland
Dates associated with a name (1951-)
245 10 - TITLE STATEMENT
Title Zach's lie /
Statement of responsibility, etc. Roland Smith.
250 ## - EDITION STATEMENT
Edition statement First printing in 2002
260 ## - PUBLICATION, DISTRIBUTION, ETC.
Place of publication, distribution, etc. New York :
Name of publisher, distributor, etc. Scholastic,
Date of publication, distribution, etc. 2001.
300 ## - PHYSICAL DESCRIPTION
Extent 215 pages :
Dimensions 20 cm
505 ## - FORMATTED CONTENTS NOTE
Formatted contents note P<br/>
520 ## - SUMMARY, ETC.
Summary, etc. When Jack Osborne is befriended by his school's custodian and a Basque girl, he begins to adjust to his family's sudden move to Elko, Nevada, after entering the Witness Security Program, but the drug cartel against which his father will testify is determined to track them down.
521 8# - TARGET AUDIENCE NOTE
Target audience note 650<br/>
Source Lexile<br/>
521 8# - TARGET AUDIENCE NOTE
Target audience note P<br/>
Source Raz-Plus<br/>
650 #1 - SUBJECT ADDED ENTRY--TOPICAL TERM
Topical term or geographic name entry element Witness protection programs
Form subdivision Fiction.
650 #1 - SUBJECT ADDED ENTRY--TOPICAL TERM
Topical term or geographic name entry element Drug dealers
Form subdivision Fiction.
650 #1 - SUBJECT ADDED ENTRY--TOPICAL TERM
Topical term or geographic name entry element Basques
Form subdivision Fiction.
651 #1 - SUBJECT ADDED ENTRY--GEOGRAPHIC NAME
Geographic name Nevada
Form subdivision Fiction.
906 ## - LOCAL DATA ELEMENT F, LDF (RLIN)
a 7
b cbc
c orignew
d 1
e ocip
f 20
g y-gencatlg
942 ## - ADDED ENTRY ELEMENTS (KOHA)
Source of classification or shelving scheme Dewey Decimal Classification
Koha item type Books
Suppress in OPAC No
Holdings
Withdrawn status Lost status Source of classification or shelving scheme Damaged status Not for loan Collection Home library Current library Shelving location Date acquired Total Checkouts Full call number Barcode Date last seen Copy number Price effective from Koha item type
    Dewey Decimal Classification     Juvenile Fiction Footprints International School Library Network Toul Kork Campus Footprints International School Library Network Toul Kork Campus TTP Primary Orange Bookshelves 02/06/2025   SMI 523 PZ7.S65766 Z 2025-0427 02/06/2025 1 02/06/2025 Books
    Dewey Decimal Classification     Juvenile Fiction Footprints International School Library Network Toul Kork Campus Footprints International School Library Network Toul Kork Campus TTP Primary Orange Bookshelves 02/07/2025   SMI 523 PZ7.S65766 Z 2025-0441 02/07/2025 2 02/07/2025 Books